| Tag |
First Indicator |
Second Indicator |
Subfields |
| LEADER |
00000cam a2200000 a 4500 |
| 001 |
in00001633621 |
| 005 |
20220106085459.0 |
| 006 |
m d f |
| 007 |
cr an||||||||| |
| 008 |
010706s2000 dcu s f000 0 eng c |
| 035 |
|
|
|a (OCoLC)ocm47248477
|
| 037 |
|
|
|a 164210
|b GAO (202) 512-6000 (Voice); (202) 512-6061 (Fax)
|f paper copy
|
| 042 |
|
|
|a pcc
|
| 043 |
|
|
|a n-us---
|
| 040 |
|
|
|a GPO
|b eng
|c GPO
|d MvI
|
| 049 |
|
|
|a WWW
|
| 074 |
|
|
|a 0546-D (online)
|
| 086 |
0 |
|
|a GA 1.13:GAO-01-45 R
|
| 088 |
|
|
|a GAO-01-45 R
|
| 110 |
1 |
|
|a United States.
|b General Accounting Office.
|
| 245 |
1 |
0 |
|a Financial management :
|b reporting of Army conventional ammunition as operating materials and supplies /
|c United States General Accounting Office.
|
| 246 |
3 |
0 |
|a Reporting of Army conventional ammunition as operating materials and supplies
|
| 264 |
|
1 |
|a Washington, DC :
|b The Office,
|c [2000]
|
| 336 |
|
|
|a text
|b txt
|2 rdacontent
|
| 337 |
|
|
|a computer
|b c
|2 rdamedia
|
| 338 |
|
|
|a online resource
|b cr
|2 rdacarrier
|
| 500 |
|
|
|a "GAO-01-45R."
|
| 500 |
|
|
|a "October 24, 2000."
|
| 500 |
|
|
|a Paper version available from the General Accounting Office.
|
| 500 |
|
|
|a Title from subject line.
|
| 538 |
|
|
|a Mode of access: Internet from the GPO Access web site. Address as of 6/27/01: http://frwebgate.access.gpo.gov/cgi-bin/getdoc.cgi?dbname=gao&docid=f:d0145r.pdf; current access is available via PURL.
|
| 538 |
|
|
|a System requirements: Adobe Acrobat Reader.
|
| 610 |
1 |
0 |
|a United States.
|b Army
|x Accounting.
|
| 610 |
1 |
0 |
|a United States.
|b Army
|x Inventory control.
|
| 610 |
1 |
0 |
|a United States.
|b Department of the Army
|x Accounting.
|
| 610 |
1 |
0 |
|a United States.
|b Department of the Army
|x Inventory control.
|
| 856 |
4 |
0 |
|u https://purl.fdlp.gov/GPO/LPS12835
|t 0
|
| 856 |
4 |
0 |
|u https://purl.fdlp.gov/GPO/LPS12835
|z Adobe Acrobat reader required
|t 0
|
| 999 |
f |
f |
|s 8da0e5f9-909e-3b40-85c9-e55f7f6a52e5
|i eace8aa6-f29f-36c9-9555-c186e728618f
|t 0
|
| 952 |
f |
f |
|a Texas A&M University
|b College Station
|c Electronic Resources
|d Available Online
|t 0
|e GA 1.13:GAO-01-45 R
|h Superintendent of Documents classification
|
| 998 |
f |
f |
|a GA 1.13:GAO-01-45 R
|t 0
|l Available Online
|